000
00303nam a22001337a 4500
008
171002b xxu||||| |||| 00| 0 eng d
020
_a
9780300045772
041
_a
eng
080
_a
159.9
100
_a
48
101
_a
PSI
245
_a
PSYCHOANALYTIC TERMS & CONCEPTS
_c
MOORE,B.E
942
_2
udc
_c
BK
999
_c
31197
_d
31197